¿Quién fue...? (Registro nro. 8943)
[ vista simple ]
| 000 -CABECERA | |
|---|---|
| Longitud fija campo de control | 01501nam a2200349 i 4500 |
| 005 - • FECHA Y HORA DE LA ÚLTIMA TRANSACCIÓN | |
| Fecha y hora de la última transacción | 20220317002028.0 |
| 007 - • CAMPO FIJO DE DESCRIPCIÓN FÍSICA | |
| Campo fijo de descripción física | ta |
| 008 - • CÓDIGOS DE INFORMACIÓN DE LONGITUD FIJA | |
| Códigos de información de longitud fija | 201110r20192020ck a br 000 0bspa d |
| 020 ## - • NÚMERO INTERNACIONAL NORMALIZADO PARA LIBROS | |
| Número Internacional Normalizado para Libros (ISBN) | 9789585407909 |
| 040 ## - FUENTE DE LA CATALOGACIÓN | |
| Centro catalogador de origen | CO-BoRNBP |
| Lengua de catalogación | spa |
| Normas de descripción | rda |
| Centro transcriptor | CO-BoRNBP |
| 041 1# - • CÓDIGO DE LENGUA | |
| Código de lengua del texto/banda sonora o título independiente | spa |
| Código de lengua original | eng |
| 082 04 - • NÚMERO DE LA CLASIFICACIÓN DECIMAL DEWEY | |
| Número de clasificación (R) | 927.5 |
| Número del ítem | D18e |
| Número de edición | 22 |
| 100 1# - • PUNTO DE ACCESO PRINCIPAL-NOMBRE DE PERSONA | |
| Nombre de persona | Edwards, Roberta |
| Término indicativo de función | autora |
| 245 11 - • TITULO PROPIAMENTE DICHO | |
| Título | ¿Quién fue...? |
| Resto del título | Leonardo Da Vinci |
| Mención de responsabilidad, etc. | Roberta Edwards ; ilustraciones de True Kelley ; traducción de Elena Macian Masip |
| 250 ## - • MENCIÓN DE EDICIÓN | |
| Mención de edición | Primera edición |
| Resto de la mención de edición | Primera reimpresión |
| 264 #1 - PRODUCCIÓN, PUBLICACIÓN , DISTRIBUCIÓN, FABRICACIÓN Y COPYRIGHT | |
| Lugar de producción, publicación, distribución, fabricación | Bogotá |
| Nombre del productor, editor, distribuidor, fabricante | Penguin Random House |
| -- | Montena |
| Fecha de de producción, publicación, distribución, fabricación o copyright | 2019 |
| -- | 2020 |
| 300 ## - • DESCRIPCIÓN FÍSICA | |
| Extensión | 115, [14] páginas |
| Otras características físicas | ilustraciones |
| Dimensiones | 22 cm |
| 336 ## - TIPO DE CONTENIDO | |
| Fuente | rdacontent |
| Término de tipo de contenido | texto |
| Código de tipo de contenido | txt |
| 337 ## - TIPO DE MEDIO | |
| Fuente | rdamedia |
| Nombre del tipo de medio | sin mediación |
| Código del tipo de medio | n |
| 338 ## - TIPO DE SOPORTE | |
| Fuente | rdacarrier |
| Nombre del tipo de soporte | volumen |
| Código del tipo de soporte | nc |
| 490 0# - • MENCIÓN DE SERIE | |
| Mención de serie | ¿Quién fue...? |
| 500 ## - • NOTA GENERAL | |
| Nota general | Incluye cronología de la vida de Leonardo Da Vinci y del mundo durante el período comprendido entre 1452 y 1533 |
| 504 ## - • NOTA DE BIBLIOGRAFÍA, ETC | |
| Nota de bibliografía, etc. | Incluye bibliografía al final del texto |
| 521 ## - • NOTA DE PÚBLICO DESTINATARIO | |
| Nota público destinatario (R ) | Recomendado para un público infantil mayor de 9 años<br/><br/> |
| 534 ## - • Nota De Versión Original | |
| Título | Who was Leonardo Da Vinci? |
| 600 14 - • PUNTO DE ACCESO ADICIONAL DE MATERIA - NOMBRE DE PERSONA | |
| Nombre de persona | Da Vinci, Leonardo |
| Fechas asociadas al nombre | 1452-1519 |
| Subdivisión de materia general (R ) | Literatura infantil |
| Subdivisión de forma (R ) | Biografías |
| 650 17 - • PUNTO DE ACCESO ADICIONAL DE MATERIA - TÉRMINO DE MATERIA | |
| Fuente del encabezamiento o término | LEMB |
| Término de materia o nombre geográfico como elemento inicial | Pintores italianos |
| Subdivisión de materia general | Literatura infantil |
| Subdivisión cronológica | Siglo XV |
| Subdivisión de forma | Biografías |
| 650 17 - • PUNTO DE ACCESO ADICIONAL DE MATERIA - TÉRMINO DE MATERIA | |
| Fuente del encabezamiento o término | LEMB |
| Término de materia o nombre geográfico como elemento inicial | Artistas italianos |
| Subdivisión de materia general | Literatura infantil |
| Subdivisión cronológica | Siglo XV |
| Subdivisión de forma | Biografías |
| 700 1# - • PUNTO DE ACCESO ADICIONAL - NOMBRE DE PERSONA | |
| Nombre de persona | Kelley, True |
| Fechas asociadas al nombre | 1946- |
| Término indicativo de función | ilustradora |
| 700 1# - • PUNTO DE ACCESO ADICIONAL - NOMBRE DE PERSONA | |
| Nombre de persona | Macian Masip, Elena |
| Término indicativo de función | traductora |
| 942 ## - ENTRADA DE ELEMENTOS AGREGADOS (KOHA) | |
| Fuente de clasificaión o esquema | Dewey Decimal Classification |
| Koha [por defecto] tipo de item | Libro Infantil |
No hay ítems disponibles.